[Event "SVK-chT2D 10/11"]
[Site "Slovakia"]
[Date "2010.12.04"]
[Round "3.3"]
[White "Vrabel, Michal"]
[Black "Varholakova, Nikoleta"]
[Result "1-0"]
[WhiteElo "1988"]
[BlackElo "2198"]
[PlyCount "53"]
[EventDate "2010.10.23"]
[EventType "team-tourn"]
[EventRounds "11"]
[EventCountry "SVK"]
[SourceTitle "EXT 2019"]
[Source "ChessBase"]
[SourceDate "2018.10.10"]
[SourceVersion "1"]
[SourceVersionDate "2018.10.10"]
[SourceQuality "1"]
[WhiteTeam "Presov Slavia PU"]
[BlackTeam "Margecany OSK"]
[WhiteTeamCountry "SVK"]
[BlackTeamCountry "SVK"]

1. e4 d5 2. exd5 Nf6 3. d4 Nxd5 4. c4 Nb6 5. Be3 g6 6. Nf3 Bg7 7. h3 0-0 8. Be2 Nc6 9. 0-0 e5 10. dxe5 Nxe5 11. Nxe5 Bxe5 12. Nc3 Qh4 13. Qc1 Qe7 14. c5 Bxc3 15. cxb6 Be5 16. bxa7 b6 17. Bh6 Re8 18. Bf3 Rxa7 19. Re1 Qd6 20. Rd1 Qe7 21. Bc6 Rd8 22. Rxd8+ Qxd8 23. Qe3 Ra5 24. Re1 f6 25. b4 Ra7 26. Qb3+ Kh8 27. Rxe5 1-0